载入...

Mammootty : kazhchayum vayanayum /

书目详细资料
其他作者: Bipin Chandran
格式: Printed Book
出版: Kottayam : D C books, 2007.
LEADER 00444nam a22001217a 4500
020 |a 9788126414464 
082 |a 791.4309  |b BIP.M 
245 |a Mammootty :  |b kazhchayum vayanayum /  |c edited by Bipin Chandran 
260 |a Kottayam :  |b D C books,  |c 2007. 
700 |a Bipin Chandran 
942 |c BK 
999 |c 316102  |d 316102 
952 |0 0  |1 0  |4 0  |6 791_430900000000000_BIP_M  |7 0  |8 MAL  |9 338117  |a POL  |b POL  |c GEN  |d 2020-12-02  |l 0  |o 791.4309 BIP.M  |p POL21100  |r 2020-12-02  |w 2020-12-02  |y BK